Use cases combined with BOOCH/OMT process and products

Αποθηκεύτηκε σε:
Λεπτομέρειες βιβλιογραφικής εγγραφής
Κύριος συγγραφέας: Texel, Putnam P.
Άλλοι συγγραφείς: Williams, Charles B. 1962-
Μορφή: Βιβλίο
Γλώσσα:English
Δημοσίευση: Upper Saddle River, N.J. : Prentice Hall PTR, c1997
Θέματα:
Ετικέτες: Προσθήκη ετικέτας
Δεν υπάρχουν, Καταχωρήστε ετικέτα πρώτοι!

MARC

LEADER 00000nam a2200000 i 4500
001 1/97305
008 000117s1997 eng d
020 |a 013727405X 
035 |l 10056086 
040 |a GR-MY-UA  |b gre  |e aacr 
041 0 |a eng 
082 0 |a 005.117 
100 1 |a Texel, Putnam P. 
245 1 0 |a Use cases combined with BOOCH/OMT/UML :  |b process and products /  |c Putnam P. Texel, Charles B. Williams 
260 |a Upper Saddle River, N.J. :   |b Prentice Hall PTR,   |c c1997 
300 |a xxxiii, 465 p.;  |b ill.;  |c 24 cm.+  |e 1 computer laser oprtical disc (4 3/4 in.) 
504 |a Includes bibliographical references and index 
650 0 0 |a Object-oriented methods (Computer science) 
650 0 0 |a Computer software  |x Development. 
650 0 0 |a UML (Computer science) 
700 1 |a Williams, Charles B.  |d 1962- 
852 |a INST  |b SAMOS  |e 20000117  |h 005.117 PUT  |p 005300016125  |q 005300016125  |t BK  |y 0 
852 |a INST  |b SAMOS  |e 20000117  |h 005.117 PUT   |p 005300016165  |q 005300016165  |t BK  |y 0 
901 |a BIBL3-2000-1 
909 |a Σ  |b 071374 
909 |a Σ  |b 067588 
922 |a 3ΕΛΗ  |b 199912  |c ΤΠΕΣ  |d ΠΑΠΑΣΩΤΗΡΙΟΥ 
950 |a 133-1999-07-20 
970 |a ΠΟΥΡΝΑΡΑΣ  |b ΔΗΜΗΤΡΗΣ  |z 2000/01/17